000 00896nam a2200217Ia 4500
003 Ost
005 20260507075208.0
008 260507s9999||||xx |||||||||||||| ||und||
020 _a32013399579
040 _cfsecg
041 _aara
082 _a330
100 _aالعزة، محمد محمود
_eمؤلف
245 0 _aالنظام العالمي الجديد و العرب /
_c محمد محمود العزة
260 _aعمان:
_bمؤسسة الوراق,
_c2009
300 _a312 صفحة؛
_c24 سم
520 _aالنظام البدائي ، نظام الرق ، نظام الاقطاع ، النظام الرأسمالي ، النظام الشيوعي ، النظام العالمي الجديد و العرب
653 _aالعلاقات الاقتصادية الدولية
653 _aالنظام الإقتصادي العالمي الجديد
942 _cكتاب
999 _c43449
_d43449